000 00601nam a2200181 i 4500
001 151708
003 ES-MaACL
005 20230906204339.0
008 050729s1862 fr | |||||||| ||fre d
040 _aCAM
_bspa
_cCAM
100 1 _aBarthelemy Saint-Hilaire, Jules.
_926123
245 1 3 _aLe Bouddha et sa religion /
_cpar J. Barthèlemy Saint-Hilaire.
250 _aNouvelle éd.
260 _aParis :
_bDidier et C., libraires-éditeurs,
_c1862 (
_fImp. Simon Raçon et C.)
300 _aXXVII, XXIV, 441 p. ;
_c19 cm.
650 _aBudismo.
_910630
852 _aES-MaACL
_jG-10743
_z-- Enc. hol.
999 _c151708
_d151708